000 01086 a2200217 4500
003 Nust
005 20170207154033.0
010 _a 94022182
020 _a1556156502 :
040 _cNust
082 0 0 _a005.1068
100 1 _aMaguire, Steve.
245 1 0 _aDebugging the development process :practical strategies for staying focused, hitting ship dates, and building solid teams -(E-BOOK)
_cSteve Maguire.
_h005.1068
260 _aRedmond, Wash. :
_bMicrosoft Press,
_cc1994.
300 _axx, 183 p. :
_bill. ;
_c24 cm.
505 _aPreface (Page-Xi), Introduction (Page-Xv), Laying The Groundwork (Page-1), The Systematic Approach (Page-23), Of Strategic Importance (Page-45), Unbridled Enthusiasm (Page-73), Scheduling Madness (Page-91), Constant, Unceasing Improvement (Page-107), It's All About Attitude (Page-125), That Sinking Feeling (Page-151).
650 0 _aComputer software
_xDevelopment.
650 0 _aDebugging in computer science.
651 _aE-BOOK
856 4 2 _3Publisher description
_uhttp://www.loc.gov/catdir/enhancements/fy1004/94022182-d.html
942 _2ddc
_cBK
999 _c192236
_d192236